000 00959nam a2200289 a 4500
001 BRCA_5127
005 20190320204942.0
008 191110s1920----sp-a######---#000-0#spa-#
041 _aspa
044 _asp
050 4 _aND813.P3
_b.J83 1920
245 1 0 _aJuan Pantoja de la Cruz
_cdirector Gregorio Martínez Sierra ; fototipias de J. Roig y Hauser y Menet.
260 _aMadrid
_bSaturnino Calleja
_c[1920?]
300 _a1 v. (sin paginación)
_bil., 29 láminas
_c20 cm.
440 0 _aMonografías de arte
_913084
500 _aIncluye índice de ilustraciones
500 _aCon ex-libris de: Enrique Ortega Flores
500 _aEstado físico: Encuadernación deteriorada
500 _aE17
600 1 4 _aPantoja de la Cruz, Juan
_d1551-1608
_913085
650 1 4 _aPintores españoles
_97620
700 1 _aMartínez Sierra, Gregorio
_913086
700 1 _aRoig, J.
_913087
700 1 _aHauser y Menet
_913088
902 _aGFM
942 _2lcc
_cB
999 _c4821
_d4821